000 00588nam a2200229Ia 4500
003 OSt
005 20220924152410.0
006 a|||||r|||| 00| 0
007 ta
008 220923b |||||||| |||| 00| 0 mar d
024 _a342344
037 _cTextual
040 _aARTS
_cARTS
_bmar
041 _2mar
_amar
082 _aV2:51wM89,1, 155H7
100 _aGorey Narayan Ganesh
_9226574
245 0 _aJawaharlal Nehru
260 _c1947
650 _aHISTORY
942 _hV2:51wM89,1, 155H7
_cTEXL
_2CC
999 _c469700
_d469700